000
003060000a22001330004500
003
MACL
040
_a
MACL
090
_c
37362
_d
37360
100
_a
Scott, Temple
245
_a
The prose works of Jonahtan Swift
_b
vol 1
260
_b
G Bell & Sons Ltd
_c
1911
650
_a
Literature
942
_c
BOOK
_k
800/SCO
999
_c
36959
_d
36959